000
00402nam a22001697a 4500
003
MPLRDC
005
20220104114631.0
008
210129b ||||| |||| 00| 0 eng d
082
_a
192.1 ZSM v.8
100
_a
陈淑惠编著
245
_a
充实人生
_c
260
_a
_b
将门文物出版社
_c
1986
300
_b
平
490
_a
真善美书系
650
_a
修身
942
_c
BK
_o
192.1 ZSM v.8
999
_c
9011
_d
9001